Plody osvěty : komedie o čtyřech jednáních /

Hlavní autor: Tolstoj, Lev Nikolajevič, 1828-1910
Další autoři: Papáček, Pavel, 1863-1930, Petr, Libor
Jazyk: Čeština
Vydáno: V Praze : nákladem překladatelů, 1892
Témata:
Externí odkaz: Digitalizovaný dokument
Fyzický popis: 138 s. ; 16 cm
Knihy
Uloženo v:
LEADER 01311nam a22003612a 4500
001 001734084
003 CZ BrMZK
005 20200306110255.0
007 ta
008 200306s1892 xr er|||||||||||cze d
015 |a cnb000303437  |z cnb001505976 
020 |q (Váz.) 
035 |a (OCoLC)85660117 
035 |a (OCoLC)84946184 
040 |a ABA001  |b cze 
041 1 |a cze  |h rus 
072 7 |a 821.161.1  |x Ruská literatura  |2 Konspekt  |9 25 
080 |a 821.161.1-2  |2 MRF 
100 1 |a Tolstoj, Lev Nikolajevič,  |d 1828-1910  |7 jn19981002230  |4 aut 
245 1 0 |a Plody osvěty :  |b komedie o čtyřech jednáních /  |c napsal L.N. Tolstoj ; přeložili Libor Petr a Pavel Papáček 
260 |a V Praze :  |b nákladem překladatelů,  |c 1892  |f (Tisk a papír Aloisa Wiesnera) 
300 |a 138 s. ;  |c 16 cm 
500 |a Překlad z ruštiny 
655 7 |a ruská dramata  |7 fd133314  |2 czenas 
655 7 |a komedie  |7 fd132576  |2 czenas 
700 1 |a Papáček, Pavel,  |d 1863-1930  |7 jk01091694  |4 trl 
700 1 |a Petr, Libor  |7 jk01092753  |4 trl 
856 4 1 |u http://kramerius.nkp.cz/kramerius/handle/ABA001/12511807  |y Digitalizovaný dokument 
910 |a BOA001  |b OB1-0685.901 
990 |a BK 
993 |a Y 
991 |b 202003 
996 6 |b 2618837922  |c OB1-0685.901  |l MZK  |r Sklad / do 24 hodin  |n 0  |w 001785693  |u 000010  |a 1  |e BOA001  |j MZK50  |s P